| 000 | 00760nam a2200193 a 4500 | ||
|---|---|---|---|
| 003 | 0 | ||
| 005 | 20250311153921.0 | ||
| 008 | 090709s19uu xx 00 eng d | ||
| 050 |
_aPHS JQ 1416 _b.V737 2009 |
||
| 100 | _aVillena, Kedren Obiñque. | ||
| 245 |
_aSocio-political condition during the martial law period (1972-1981) in an American and Filipino perspective / _cKedren Obiñque Villena. |
||
| 260 |
_aLas Piñas City, Philippines : _bSouthville International School and Colleges, _c2009. |
||
| 300 |
_a22 pages ; _c28 cm. |
||
| 504 | _aIncludes bibliographical references. | ||
| 650 |
_aPhilippines _xPolitics and government _y1946–1986. |
||
| 650 |
_aPhilippines _xHistory _y1973–1986. |
||
| 650 |
_aMartial law _xPhilippines. |
||
| 942 |
_2lcc _cPASS |
||
| 999 |
_c98281 _d98281 |
||